|
|
|
|
| LEADER |
00000nam a2200000 a 4500 |
| 001 |
vtls001069995 |
| 003 |
SK-MaSNL |
| 005 |
20260301062005.0 |
| 008 |
251029s1995 xo ap r yb hun |
| 015 |
|
|
|a SNBA1996/0100238
|
| 020 |
|
|
|a 8085704145
|
| 035 |
|
|
|a SNK000012826
|
| 035 |
|
|
|a urn:nbn:sk:snk-amke5d
|
| 035 |
|
|
|a urn:nbn:sk:snk-am003tdi
|
| 035 |
|
|
|a 9306F7EE-E2DD-44FD-969F-93F24A11CEAD
|
| 040 |
|
|
|a SNK
|b slo
|c SNK
|e AACR2
|
| 041 |
0 |
|
|a hun
|
| 044 |
|
|
|a xo
|c SK
|
| 080 |
|
|
|a 82:929:894.511=945.11
|2 1981
|
| 080 |
|
|
|a 929 Mikszáth, Kálmán
|2 1981
|
| 080 |
|
|
|a 894.511:929
|2 1981
|
| 100 |
1 |
|
|a Csáky, Károly,
|d 1950-
|4 aut
|9 99675
|
| 245 |
1 |
0 |
|a Mikszáth Kálmánnal szülőföldjén
|c Csáky Károly
|
| 260 |
|
|
|a Dunajská Streda
|b Lilium Aurum
|c 1995
|
| 300 |
|
|
|a 147 s.
|b Fotogr., tab.
|c 20 cm
|
| 490 |
1 |
|
|a Katedra könyvek
|v 3
|
| 504 |
|
|
|a Bibliogr.
|
| 600 |
1 |
|
|a Mikszáth, Kálmán,
|d 1847-1910
|2 SNK
|9 89516
|
| 655 |
|
7 |
|a biografie
|2 SNK
|9 27965
|
| 830 |
|
0 |
|a Katedra könyvek
|9 276443
|
| 919 |
|
|
|a 80-85704-14-5
|
| 958 |
|
|
|a TL
|
| 958 |
|
|
|a BC
|
| 958 |
|
|
|a NB
|
| 958 |
|
|
|a HU
|
| 958 |
|
|
|a LX
|
| 999 |
|
|
|c 619021
|d 620951
|
| 952 |
|
|
|t P60, <09>, [BOOK], {629}
|a SNK
|b SNK
|y NEVYP
|7 0
|o snkC 1911
|i snk3759/951103
|0 0
|1 0
|4 0
|d 1995-11-02
|l 0
|r 2004-12-31 00:00:00
|w 2026-02-23
|
| 952 |
|
|
|t P60, <03>, [BOOK], {603}
|a SNK
|b SNK
|y PREZ
|7 0
|o snkSC 89282
|i snkKSP 9180/95
|0 0
|1 0
|4 0
|d 1995-11-02
|l 0
|r 2004-12-31 00:00:00
|w 2026-02-23
|
| 952 |
|
|
|t P60, <04>, [BOOK], {604}
|a SNK
|b SNK
|y VYP
|7 0
|p 17A0005872
|o snkSC 89282 D1
|i snkKSP 9181/95
|0 0
|1 0
|4 0
|d 1995-11-02
|l 0
|r 2004-12-31 00:00:00
|w 2026-02-23
|
| 952 |
|
|
|a SNK
|b SNK
|y PREZ
|7 0
|p 17A1013824
|o snkSC 89282
|0 0
|1 0
|4 0
|d 2012-08-21
|f 1
|l 0
|r 2025-09-08 00:00:00
|w 2026-02-23
|